| 000 | 00551nam a2200181 i 4500 | ||
|---|---|---|---|
| 001 | 71036 | ||
| 003 | ES-MaACL | ||
| 005 | 20250605154041.0 | ||
| 007 | t| | ||
| 008 | 040805s1958 sp ||||1| spa d | ||
| 100 | 1 |
_aGaskin, Catherine. _955874 |
|
| 245 | 1 | 0 |
_aEste otro Edén / _cCatherine Gaskin ; [versión de Eduardo de Guzmán]. |
| 260 |
_a[Barcelona] : _bCisne, _c[1958] ( _fP. Hermanos) |
||
| 300 |
_a255 p. ; _c18 cm. |
||
| 700 | 1 |
_aGuzmán, Eduardo de, _d1908-1991 _961283 |
|
| 852 |
_aES-MaACL _jC-14724 _bR.42167 |
||
| 999 |
_c71036 _d71036 |
||